Kosmičeskij metall : Vse o titanu /
Saved in:
| Main Author: | |
|---|---|
| Format: | Book |
| Language: | Russian |
| Published: |
Moskva :
Nauka,
1987
|
| Subjects: | |
| Tags: |
No Tags, Be the first to tag this record!
|
MARC
| LEADER | 00000nam a22000003a 4500 | ||
|---|---|---|---|
| 001 | stu45201 | ||
| 005 | 20150617225715.7 | ||
| 008 | 960109s1987----xxr-----------------rus-d | ||
| 040 | |a STU |b slo | ||
| 041 | 0 | |a rus | |
| 044 | |a xxr | ||
| 080 | |a 669.295 | ||
| 100 | 1 | |a Zubkov, Leonid Borisovič |4 aut | |
| 245 | 1 | |a Kosmičeskij metall : |b Vse o titanu / |c [aut.]Leonid B. Zubkov | |
| 260 | |a Moskva : |b Nauka, |c 1987 | ||
| 300 | |a 127 s | ||
| 650 | 7 | |a titán |2 stusub | |
| 650 | 7 | |a štúdie |2 stusub | |
| 996 | |b 284M061829 |c M*2100-1 |l MMKN |s A |a 24 |w stu45201_0001 | ||